Every Nintendo Console Released - Statistics

General Stats
  • This quiz has been taken 40 times
  • The average score is 12 of 15
Answer Stats
Year Of Release Best-Selling Game On The Console Answer % Correct
1989 Pokémon Red / Green / Blue / Yellow Game Boy
97%
2011 Mario Kart 7 Nintendo 3DS
97%
2004 New Super Mario Bros. Nintendo DS
93%
1983 Super Mario Bros. Nintendo Entertainment System
93%
1990 Super Mario World Super Nintendo Entertainment System
93%
2006 Wii Sports Wii
93%
2001 Pokémon Ruby and Sapphire Game Boy Advance
90%
1998 Pokémon Red / Green / Blue / Yellow Game Boy Color
90%
1996 Super Mario 64 Nintendo 64
90%
2017 Mario Kart 8 Deluxe Nintendo Switch
90%
2012 Mario Kart 8 Wii U
87%
2001 Super Smash Bros. Melee Game Cube Nintendo
57%
1995 Mario Tennis Virtual Boy
57%
2019 Mario Kart 8 Deluxe Nintendo Switch Lite
40%
2021 Mario Kart 8 Deluxe Nintendo Switch OLED
33%
No matching quizzes found
Score Distribution
Percent of People with Each Score
Percentile by Number Answered
Your Score History
You have not taken this quiz